00418nam a2200145 i 4500001000300000245003100003250001300034260003900047300002200086040000800108041000800116080001000124008004100134856009700175bg 0aGeofiziceskaja apparatura. aVyp. 47. aLeningrad :bIzdat. Nedra",c1971. as. 189 :bilustr. cBPK apol a550.8 s pl f |000 0 pol  uhttp://koha.tu.koszalin.pl/cgi-bin/koha/opac-detail.pl?biblionumber=9175yKatalog online BPK